La formación de personas mayores como favorecedora del envejecimiento y calidad de vida desde las percepciones del profesorado de la Universidad de Jaén (Record no. 167908)
[ view plain ]
| 000 -CABECERA | |
|---|---|
| campo de control de longitud fija | 00864nab a2200253 a 4500 |
| 005 - FECHA Y HORA DE LA ÚLTIMA TRANSACCIÓN | |
| campo de control | 20210219162005.0 |
| 008 - ELEMENTOS DE LONGITUD FIJA--INFORMACIÓN GENERAL | |
| campo de control de longitud fija | 991125s1985 mx 000 0 spa u |
| 035 ## - NÚMERO DE CONTROL DEL SISTEMA | |
| Número de control de sistema | UPN01000195807 |
| 100 1# - ASIENTO PRINCIPAL--NOMBRE PERSONAL | |
| Nombre de persona | Ortiz Colón, Ana María |
| 222 ## - TÍTULO CLAVE | |
| Título clave | REVISTA DE CIENCIAS DE LA EDUCACION |
| 245 ## - MENCIÓN DE TÍTULO | |
| Título | La formación de personas mayores como favorecedora del envejecimiento y calidad de vida desde las percepciones del profesorado de la Universidad de Jaén |
| 260 ## - PUBLICACIÓN, DISTRIBUCIÓN, ETC. | |
| Lugar de publicación, distribución, etc. | Madrid, España |
| 300 ## - DESCRIPCIÓN FÍSICA | |
| Extensión | 239-252 |
| 362 0# - FECHAS DE PUBLICACIÓN Y/O DESIGNACIÓN SECUENCIAL | |
| Fecha de publicación y/o designación secuencial | 2013 No. 234, abr.-jun. |
| 653 0# - TERMINO DE INDIZACION - NO CONTROLADO | |
| Término no controlado | ADULTOS MAYORES |
| 653 0# - TERMINO DE INDIZACION - NO CONTROLADO | |
| Término no controlado | ENVEJECIMIENTO ACTIVO |
| 653 0# - TERMINO DE INDIZACION - NO CONTROLADO | |
| Término no controlado | CALIDAD DE VIDA |
| 653 0# - TERMINO DE INDIZACION - NO CONTROLADO | |
| Término no controlado | PERCEPCIONES DOCENTES |
| 700 1# - ASIENTO SECUNDARIO--NOMBRE DE PERSONAL | |
| Nombre de persona | Peñaherrera León, Mónica, |
| Término indicativo de función/relación | coaut. |
| 700 1# - ASIENTO SECUNDARIO--NOMBRE DE PERSONAL | |
| Filiación | mpleon@ujaen.es |
| 700 1# - ASIENTO SECUNDARIO--NOMBRE DE PERSONAL | |
| Nombre de persona | Almazán Moreno, Lorenzo, |
| Término indicativo de función/relación | coaut. |
| 700 1# - ASIENTO SECUNDARIO--NOMBRE DE PERSONAL | |
| Filiación | lalmazan@ujaen.es |
| 905 ## - TIPO DE MATERIAL | |
| Tipo de material | Articulo |
No items available.
